Taking sides. (Record no. 1379)

000 -LEADER
fixed length control field nam a22 a 4500
003 - CONTROL NUMBER IDENTIFIER
control field AKMAL
005 - DATE AND TIME OF LATEST TRANSACTION
control field 20170509122209.0
008 - FIXED-LENGTH DATA ELEMENTS--GENERAL INFORMATION
fixed length control field 170509s2005 -us e 001 0 eng d
020 ## - INTERNATIONAL STANDARD BOOK NUMBER
International Standard Book Number 0072480580 (pbk.) :
Terms of availability RM94.56
040 ## - CATALOGING SOURCE
Original cataloging agency AKMAL
Transcribing agency AKMAL
082 04 - DEWEY DECIMAL CLASSIFICATION NUMBER
Classification number 301 FIN
Edition number 22
090 20 - LOCALLY ASSIGNED LC-TYPE CALL NUMBER (OCLC); LOCAL CALL NUMBER (RLIN)
Classification number (OCLC) (R) ; Classification number, CALL (RLIN) (NR) 301
Local cutter number (OCLC) ; Book number/undivided call number, CALL (RLIN) FIN
100 1# - MAIN ENTRY--PERSONAL NAME
Personal name Street, Marc
9 (RLIN) 2716
245 1# - TITLE STATEMENT
Title Taking sides.
Name of part/section of a work Clashing views on controversial issues in management /
Statement of responsibility, etc. selected, edited, and with introductions by Marc Street
246 30 - VARYING FORM OF TITLE
Title proper/short title Clashing views on controversial issues in management
260 ## - PUBLICATION, DISTRIBUTION, ETC.
Place of publication, distribution, etc. Dubuque :
Name of publisher, distributor, etc. Dushkin/McGraw-Hill,
Date of publication, distribution, etc. 2005
300 ## - PHYSICAL DESCRIPTION
Extent xxiv, 357p. ;
Dimensions 24cm.
504 ## - BIBLIOGRAPHY, ETC. NOTE
Bibliography, etc. note Includes bibliographical references and index
650 ## - SUBJECT ADDED ENTRY--TOPICAL TERM
Topical term or geographic name entry element Management
9 (RLIN) 1462
942 ## - ADDED ENTRY ELEMENTS (KOHA)
Source of classification or shelving scheme
Koha item type Book
Holdings
Withdrawn status Lost status Source of classification or shelving scheme Damaged status Not for loan Collection code Home library Current library Shelving location Date acquired Inventory number Total Checkouts Full call number Barcode Date last seen Price effective from Koha item type
          NON-FICTION AKMAL Melaka AKMAL Melaka PINJAMAN 09.05.2017 301617   301 FIN 201702628 09.05.2017 09.05.2017 Book
Pusat Sumber Maklumat Dato' Haji Sarmin Md Hussin, Akademi Kastam Diraja Malaysia, Melaka
Tel: 06-2331106 | Faks: 06-2313787